Statistics for Every 2019-2020 Bundesliga Goal Scorer

Click here to take the quiz!

General Stats

  • This quiz has been taken 384 times
  • The average score is 35 of 244

Answer Stats

Team# of GoalsPlayer% Correct
Bayern München34Robert Lewandowski
88%
Bayern München8Thomas Müller
74%
Borussia Dortmund11Marco Reus
63%
Bayern München12Serge Gnabry
60%
Bayern München4Joshua Kimmich
59%
Leipzig28Timo Werner
57%
Schalke 042Salif Sané
55%
Bayern München4Kingsley Coman
52%
Bayern München6Leon Goretzka
51%
Borussia Dortmund1Mats Hummels
47%
1899 Hoffenheim12Andrej Kramarić
43%
Bayern München3Alphonso Davies
40%
Borussia Dortmund17Jadon Sancho
40%
Bayern München4Benjamin Pavard
37%
Bayer Leverkusen12Kai Havertz
33%
Mönchengladbach10Marcus Thuram
33%
Mönchengladbach10Alassane Pléa
32%
Leipzig10Patrik Schick
32%
Eintracht Frankfurt12André Silva
31%
Leipzig5Christopher Nkunku
31%
Bayern München1David Alaba
31%
Borussia Dortmund3Julian Brandt
31%
Borussia Dortmund3Mario Götze
30%
Wolfsburg16Wout Weghorst
29%
Köln4Anthony Modeste
28%
Leipzig5Emil Forsberg
28%
Borussia Dortmund13Erling Håland
28%
Borussia Dortmund7Thorgan Hazard
28%
Eintracht Frankfurt4Filip Kostić
26%
Borussia Dortmund5Paco Alcácer
26%
Bayern München3Thiago
26%
Leipzig5Yussuf Poulsen
26%
Bayern München8Coutinho
24%
Borussia Dortmund2Emre Can
24%
Leipzig9Marcel Sabitzer
24%
Mönchengladbach1Matthias Ginter
24%
Werder Bremen4Niclas Füllkrug
24%
Fortuna Düsseldorf2André Hoffmann
23%
Mönchengladbach9Lars Stindl
23%
Bayer Leverkusen5Moussa Diaby
23%
Freiburg11Nils Petersen
23%
Borussia Dortmund4Axel Witsel
22%
Bayer Leverkusen1Florian Wirtz
22%
Freiburg4Vincenzo Grifo
21%
Bayern München1Corentin Tolisso
20%
Borussia Dortmund8Raphaël Guerreiro
20%
Eintracht Frankfurt2Daichi Kamada
19%
Mönchengladbach5Jonas Hofmann
19%
Bayer Leverkusen4Karim Bellarabi
19%
Bayer Leverkusen5Leon Bailey
19%
Mönchengladbach8Breel Embolo
18%
Wolfsburg4Maximilian Arnold
18%
Mönchengladbach1Nico Elvedi
18%
1899 Hoffenheim7Christoph Baumgartner
17%
Leipzig3Dani Olmo
17%
Augsburg13Florian Niederlechner
17%
1899 Hoffenheim6Ihlas Bebou
17%
Leipzig2Konrad Laimer
17%
Borussia Dortmund1Nico Schulz
17%
Mönchengladbach6Patrick Herrmann
17%
Fortuna Düsseldorf15Rouwen Hennings
17%
Schalke 046Amine Harit
16%
Freiburg2Christian Günter
16%
Mönchengladbach4Florian Neuhaus
16%
Bayer Leverkusen1Kerem Demirbay
16%
Bayer Leverkusen10Kevin Volland
16%
Leipzig3Lukas Klostermann
16%
Borussia Dortmund1Marcel Schmelzer
16%
Schalke 041Michael Gregoritsch
16%
Eintracht Frankfurt3Sebastian Rode
16%
1899 Hoffenheim1Sebastian Rudy
16%
Leipzig1Willi Orban
16%
Borussia Dortmund5Achraf Hakimi
15%
Eintracht Frankfurt8Bas Dost
15%
Eintracht Frankfurt1Danny da Costa
15%
Hertha Berlin1Davie Selke
15%
Hertha Berlin7Dodi Lukebakio
15%
Bayern München4Ivan Perišić
15%
Bayer Leverkusen7Lucas Alario
15%
Leipzig3Marcel Halstenberg
15%
Köln5Mark Uth
15%
Eintracht Frankfurt8Martin Hinteregger
15%
Mönchengladbach5Ramy Bensebaini
15%
Union Berlin12Sebastian Andersson
15%
Mönchengladbach1Stefan Lainer
15%
Augsburg1André Hahn
14%
Mönchengladbach2Denis Zakaria
14%
Köln4Jonas Hector
14%
Freiburg5Jonathan Schmid
14%
Leipzig1José Angeliño
14%
Mainz 054Karim Onisiwo
14%
Bayer Leverkusen2Lars Bender
14%
Hertha Berlin1Marius Wolf
14%
Schalke 047Suat Serdar
14%
Bayer Leverkusen2Sven Bender
14%
Borussia Dortmund1Dan-Axel Zagadou
13%
Köln13Jhon Córdoba
13%
Werder Bremen1Johannes Eggestein
13%
Bayern München4Joshua Zirkzee
13%
Leipzig2Kevin Kampl
13%
Freiburg8Lucas Höler
13%
Hertha Berlin5Matheus Cunha
13%
Werder Bremen1Maximilian Eggestein
13%
Werder Bremen8Milot Rashica
13%
Bayer Leverkusen1Nadiem Amiri
13%
Leipzig3Nordi Mukiele
13%
Hertha Berlin7Vedad Ibišević
13%
Hertha Berlin4Krzysztof Piątek
12%
Augsburg8Philipp Max
12%
Mainz 051Ridle Baku
12%
Augsburg3Alfreð Finnbogason
11%
Mainz 053Jean-Philippe Mateta
11%
Werder Bremen4Josh Sargent
11%
Mönchengladbach2Oscar Wendt
11%
1899 Hoffenheim2Pavel Kadeřábek
11%
1899 Hoffenheim4Robert Skov
11%
Mainz 0513Robin Quaison
11%
Köln3Simon Terodde
11%
Paderborn 075Sven Michel
11%
Schalke 044Benito Raman
10%
1899 Hoffenheim1Benjamin Hübner
10%
Schalke 042Daniel Caligiuri
10%
Eintracht Frankfurt1Evan N'Dicka
10%
Werder Bremen4Leonardo Bittencourt
10%
Freiburg7Luca Waldschmidt
10%
Borussia Dortmund1Łukasz Piszczek
10%
Union Berlin7Marius Bülter
10%
1899 Hoffenheim4Munas Dabbur
10%
Eintracht Frankfurt5Timothy Chandler
10%
Union Berlin3Anthony Ujah
9%
Bayer Leverkusen1Charles Aránguiz
9%
Eintracht Frankfurt2David Abraham
9%
Werder Bremen7Davy Klaassen
9%
Hertha Berlin4Dedryck Boyata
9%
Eintracht Frankfurt1Djibril Sow
9%
Köln1Ellyes Skhiri
9%
Eintracht Frankfurt7Gonçalo Paciência
9%
Fortuna Düsseldorf1Kasim Adams
9%
Union Berlin5Marcus Ingvartsen
9%
Bayern München1Mickaël Cuisance
9%
Bayer Leverkusen1Mitchell Weiser
9%
Freiburg1Nicolas Höfler
9%
Hertha Berlin1Niklas Stark
9%
Wolfsburg6Renato Steffen
9%
Wolfsburg1Robin Knoche
9%
Augsburg6Ruben Vargas
9%
Hertha Berlin3Vladimír Darida
9%
Werder Bremen8Yuya Osako
9%
Augsburg1Daniel Baier
8%
Köln5Florian Kainz
8%
Wolfsburg1Jérôme Roussillon
8%
Mainz 051Jonathan Burkardt
8%
Wolfsburg3Josip Brekalo
8%
Borussia Dortmund1Julian Weigl
8%
Wolfsburg3Kevin Mbabu
8%
Union Berlin1Neven Subotić
8%
Bayer Leverkusen3Paulinho
8%
Schalke 042Rabbi Matondo
8%
Union Berlin1Robert Andrich
8%
Hertha Berlin1Salomon Kalou
8%
Mainz 051Taiwo Awoniyi
8%
Schalke 043Weston McKennie
8%
Wolfsburg1Xaver Schlager
8%
Wolfsburg2Yannick Gerhardt
8%
Eintracht Frankfurt1Almamy Touré
7%
Union Berlin3Christian Gentner
7%
Paderborn 075Dennis Srbeny
7%
Mainz 054Jean-Paul Boëtius
7%
Bayer Leverkusen2Julian Baumgartlinger
7%
Fortuna Düsseldorf6Kenan Karaman
7%
Augsburg4Marco Richter
7%
Union Berlin2Marvin Friedrich
7%
Freiburg2Roland Sallai
7%
Köln6Sebastiaan Bornauw
7%
Union Berlin2Sebastian Polter
7%
Paderborn 075Streli Mamba
7%
Werder Bremen2Theodor Gebre Selassie
7%
Mainz 051Ádám Szalai
6%
Wolfsburg2Admir Mehmedi
6%
Mainz 052Daniel Brosinski
6%
Köln3Dominick Drexler
6%
Fortuna Düsseldorf6Erik Thommy
6%
Mainz 052Jerry St. Juste
6%
Schalke 042Jonjoe Kenny
6%
Fortuna Düsseldorf2Kaan Ayhan
6%
Hertha Berlin1Karim Rekik
6%
Mainz 054Levin Öztunali
6%
Hertha Berlin1Maximilian Mittelstädt
6%
Mainz 051Moussa Niakhaté
6%
Schalke 043Ozan Kabak
6%
Freiburg1Robin Koch
6%
1899 Hoffenheim5Sargis Adamyan
6%
Eintracht Frankfurt2Stefan Ilsanker
6%
1899 Hoffenheim2Steven Zuber
6%
Paderborn 071Uwe Hünemeier
6%
Wolfsburg3Daniel Ginczek
5%
Mainz 051Edimilson Fernandes
5%
1899 Hoffenheim2Ermin Bičakčić
5%
Augsburg1Iago
5%
Köln2Ismail Jakobs
5%
Hertha Berlin4Javairô Dilrosun
5%
Wolfsburg2João Victor
5%
Freiburg1Manuel Gulde
5%
Werder Bremen1Marco Friedl
5%
Hertha Berlin4Marko Grujić
5%
Fortuna Düsseldorf1Matthias Zimmermann
5%
Augsburg2Sergio Córdova
5%
Augsburg2Tin Jedvaj
5%
Schalke 043Ahmed Kutucu
4%
Paderborn 071Christopher Antwi-Adjei
4%
Freiburg2Janik Haberer
4%
Hertha Berlin1Jordan Torunarigha
4%
Köln1Jorge Meré
4%
Paderborn 072Klaus Gjasula
4%
1899 Hoffenheim1Kostas Stafylidis
4%
Wolfsburg2Marin Pongračić
4%
Fortuna Düsseldorf1Niko Gießelmann
4%
Köln1Rafael Czichos
4%
Paderborn 071Sebastian Vasiliadis
4%
Fortuna Düsseldorf1Steven Skrzybski
4%
Wolfsburg1William
4%
Paderborn 074Abdelhamid Sabiri
3%
Fortuna Düsseldorf1Alfredo Morales
3%
Freiburg2Chang-hoon Kwon
3%
Paderborn 071Christian Strohdiek
3%
Hertha Berlin2Eduard Löwen
3%
Augsburg1Fredrik Jensen
3%
Paderborn 071Gerrit Holtmann
3%
Paderborn 071Jamilu Collins
3%
1899 Hoffenheim4Jürgen Locadia
3%
Paderborn 072Kai Pröger
3%
Köln1Kingsley Ehizibue
3%
Köln1Louis Schaub
3%
Leipzig1Marcelo Saracchi
3%
Wolfsburg1Marcel Tisserand
3%
Union Berlin1Michael Parensen
3%
Paderborn 071Mohamed Dräger
3%
Augsburg1Noah Sarenren Bazee
3%
Paderborn 072Sebastian Schonlau
3%
Union Berlin1Suleiman Abdullahi
3%
Paderborn 073Ben Zolinski
2%
Paderborn 072Cauly
2%
1899 Hoffenheim1Lucas Ribeiro
2%
Mainz 054Pierre Malong
2%

Score Distribution

Percentile by Number Answered

Percent of People with Each Score

Your Score History

You have not taken this quiz